000 00249nam a22000857a 4500
008 161017b xxu||||| |||| 00| 0 eng d
100 _9873
_aJim Henson Comp
245 _aBear's Bedtime Wish
260 _aNewyork
_bSimon&schuster Children's Publications
_c1999
999 _c3526
_d3526